| 000 | 01465nam a22003737a 4500 | ||
|---|---|---|---|
| 003 | CHAP | ||
| 005 | 20220329143435.0 | ||
| 008 | 090826s2006 mx a r 00010 spa d | ||
| 010 | _a96637 | ||
| 011 | _a97609 | ||
| 020 | _a9789688961612 | ||
| 035 | _a108279 | ||
| 040 | _cCHAP | ||
| 082 | 0 | 4 |
_a304.8072 _bM58 |
| 245 | 0 | 0 |
_aMigración y desarrollo : _bel contexto nacional y estudios de caso en Los Cabos y La Paz, Baja California Sur _c/compilado por María Luisa Cabral Bowling ...[et al.] |
| 260 |
_aLa Paz, B.C.S. : _bUniversidad Autónoma de Baja California Sur, _c2006 |
||
| 300 |
_a261 p. : _bilus., cuadros, gráfs. |
||
| 490 | _aCuadernos universitarios | ||
| 590 |
_aBATCH-UPD _b10 _c20130110 _lUCH01 _h1609 |
||
| 590 |
_aBATCH-UPD _b10 _c20130410 _lUCH01 _h1005 |
||
| 590 |
_aBATCH-UPD _b10 _c20130914 _lUCH01 _h0523 |
||
| 590 |
_aCONVERSION _b10 _c20130109 _lUCH01 _h1353 |
||
| 650 | 1 | 4 |
_aBaja California Sur _xCondiciones económicas. _99498 |
| 650 | 1 | 4 |
_aBaja California Sur _xCondiciones rurales. _99499 |
| 650 | 1 | 4 |
_aBaja California Sur _xCondiciones sociales. _99500 |
| 650 | 1 | 4 |
_aDesarrollo de la comunidad _zMéxico. _931984 |
| 650 | 1 | 4 |
_aDesarrollo social _zMéxico. _932080 |
| 650 | 1 | 4 |
_aEmigración e inmigración. _936517 |
| 700 | 1 |
_aCabral Bowling, María Luisa _e, comp. _916627 |
|
| 830 | 0 |
_aCuadernos universitarios _929883 |
|
| 901 | _aBK | ||
| 942 | _cLIBRO | ||
| 949 |
_a304.8072 M58 _bBC _cLIBRO _d33724002113347 _eLIBRO _h111068 _i108279 _si |
||
| 999 |
_c96637 _d96637 |
||